[Event "Titled Tuesday intern op 26th Jul Late"]
[Site "Chess.com INT"]
[Date "2022.07.26"]
[Round "1"]
[White "Hardaway, Brewington"]
[Black "Williams, John Michael"]
[Result "1/2-1/2"]
[WhiteElo "2175"]
[BlackElo "2089"]
[PlyCount "110"]
[EventDate "2022.07.26"]
[EventType "swiss (blitz)"]
[EventRounds "11"]
[EventCountry "USA"]
[SourceTitle "EXT 2023"]
[Source "ChessBase"]
[SourceDate "2022.10.05"]
[SourceVersion "1"]
[SourceVersionDate "2022.10.05"]
[SourceQuality "1"]

1. d4 Nf6 2. c4 e6 3. Nc3 d5 4. Bg5 c5 5. cxd5 exd5 6. dxc5 Be6 7. e3 Bxc5 8. Nf3 0-0 9. Bd3 h6 10. Bh4 Nbd7 11. 0-0 Rc8 12. Rc1 Qa5 13. Bb1 Rfd8 14. Nd4 Qb6 15. Nxe6 fxe6 16. Qf3 Qxb2 17. Na4 Qb4 18. Nxc5 Rxc5 19. Qh3 Kf7 20. Rcd1 Rc4 21. Bg3 Rdc8 22. Bd3 Rc3 23. Be2 Qb2 24. Bh5+ Ke7 25. Bg4 Nf8 26. Be5 Qxa2 27. Bxc3 Rxc3 28. Bf3 Qc4 29. Rb1 b6 30. Qg3 Kf7 31. Qb8 Qc7 32. Qa8 N8d7 33. Ra1 a5 34. Qa6 e5 35. Rfd1 e4 36. Be2 Rc2 37. Bb5 Ng4 38. g3 Nxf2 39. Rf1 Ne5 40. Be2 Nf3+ 41. Bxf3 Nh3+ 42. Kh1 exf3 43. Rxf3+ Kg8 44. Raf1 Ng5 45. Rf8+ Kh7 46. Qd3+ Ne4 47. R8f4 Qc6 48. Qd4 b5 49. Rf7 Qg6 50. Qe5 b4 51. Re7 Nf2+ 52. Kg1 Nh3+ 53. Kh1 Nf2+ 54. Kg1 Nh3+ 55. Kh1 Nf2+ 1/2-1/2

[Event "Titled Tuesday intern op 26th Jul Late"]
[Site "Chess.com INT"]
[Date "2022.07.26"]
[Round "4"]
[White "Williams, John Michael"]
[Black "Baltaci, Ismail Tarik"]
[Result "1-0"]
[WhiteElo "2089"]
[BlackElo "2046"]
[PlyCount "35"]
[EventDate "2022.07.26"]
[EventType "swiss (blitz)"]
[EventRounds "11"]
[EventCountry "USA"]
[SourceTitle "EXT 2023"]
[Source "ChessBase"]
[SourceDate "2022.10.05"]
[SourceVersion "1"]
[SourceVersionDate "2022.10.05"]
[SourceQuality "1"]

1. e4 c5 2. Nf3 e6 3. d4 cxd4 4. Nxd4 Nc6 5. Nxc6 bxc6 6. Bd3 Nf6 7. Nc3 d5 8. 0-0 Qc7 9. Qe1 Bd6 10. f4 h5 11. Kh1 h4 12. e5 Nh5 13. exd6 Qd8 14. Kg1 Bb7 15. f5 Qb6+ 16. Be3 d4 17. Bf2 0-0-0 18. Na4 1-0

[Event "US Open-116"]
[Site "Phoenix"]
[Date "2015.08.07"]
[Round "7"]
[White "Williams, John Michael"]
[Black "Diamant, Andre"]
[Result "0-1"]
[WhiteElo "2121"]
[BlackElo "2483"]
[PlyCount "86"]
[EventDate "2015.08.01"]
[EventType "swiss"]
[EventRounds "9"]
[EventCountry "USA"]
[SourceTitle "CBM 167 Extra"]
[Source "ChessBase"]
[SourceDate "2015.09.14"]
[SourceVersion "1"]
[SourceVersionDate "2015.09.14"]
[SourceQuality "1"]

1. e4 c5 2. Nf3 e6 3. d4 cxd4 4. Nxd4 Nc6 5. Nc3 Qc7 6. Nb3 a6 7. Bd3 Nf6 8. Qe2 Be7 9. 0-0 d6 10. f4 b5 11. Bd2 Bb7 12. Rae1 Nd7 13. Nd5 exd5 14. exd5 Nce5 15. fxe5 Nxe5 16. Ba5 Qc8 17. Qe4 g6 18. Bb4 0-0 19. Na5 f5 20. Qf4 Bxd5 21. Rxe5 dxe5 22. Qxe5 Bc5+ 23. Kh1 Bxg2+ 24. Kxg2 Bxb4 25. Qd5+ Rf7 26. Nc6 Bf8 27. Be4 Qe8 28. Ne5 Rd8 29. Qxf7+ Qxf7 30. Nxf7 Kxf7 31. Bd3 Bg7 32. b3 Be5 33. Rb1 b4 34. Re1 Kf6 35. Bxa6 Ra8 36. Bc4 Rxa2 37. Re2 g5 38. Bd3 g4 39. h3 h5 40. c4 Rxe2+ 41. Bxe2 Bd4 42. Bd1 Kg5 43. Be2 f4 0-1

[Event "US Open-116"]
[Site "Phoenix"]
[Date "2015.08.04"]
[Round "4"]
[White "Homa, Seth"]
[Black "Williams, John Michael"]
[Result "1/2-1/2"]
[WhiteElo "2381"]
[BlackElo "2121"]
[PlyCount "80"]
[EventDate "2015.08.01"]
[EventType "swiss"]
[EventRounds "9"]
[EventCountry "USA"]
[SourceTitle "CBM 167 Extra"]
[Source "ChessBase"]
[SourceDate "2015.09.14"]
[SourceVersion "1"]
[SourceVersionDate "2015.09.14"]
[SourceQuality "1"]

1. d4 d5 2. Nf3 e6 3. c4 Nf6 4. Nc3 Be7 5. Bf4 c6 6. e3 0-0 7. h3 Nbd7 8. a3 b6 9. cxd5 exd5 10. Bd3 Re8 11. 0-0 Nf8 12. Ne5 Bb7 13. Bh2 Bd6 14. Rc1 Rc8 15. f4 c5 16. Kh1 cxd4 17. exd4 Ne4 18. Nxe4 dxe4 19. Rxc8 Qxc8 20. Bb5 Rd8 21. Qb3 Bxe5 22. fxe5 Bd5 23. Qe3 Qc2 24. Qf2 Rc8 25. Ba6 Rc7 26. Bf4 Qb3 27. e6 Re7 28. Bd6 e3 29. Qg3 Rxe6 30. Bxf8 Kxf8 31. Qc7 Bxg2+ 32. Kxg2 Rg6+ 33. Kf3 e2+ 34. Kxe2 Qxb2+ 35. Kd1 Qxd4+ 36. Kc1 Qe3+ 37. Kd1 Qd4+ 38. Kc1 Qe3+ 39. Kd1 Qd4+ 40. Kc1 Qe3+ 1/2-1/2

[Event "IECC CL2-2013.03 email"]
[Site "IECC email"]
[Date "2013.07.03"]
[Round "?"]
[White "Williams, John Michael"]
[Black "Cravens, Dennis"]
[Result "1/2-1/2"]
[WhiteElo "2204"]
[BlackElo "2156"]
[PlyCount "71"]
[EventDate "2013.??.??"]
[EventType "tourn (corr)"]
[EventRounds "4"]
[SourceTitle "Telechess CBM 165"]
[Source "ChessBase"]
[SourceDate "2015.03.11"]
[SourceVersion "1"]
[SourceVersionDate "2015.03.11"]
[SourceQuality "1"]
[WhiteTeam "US of America"]
[BlackTeam "US of America"]
[WhiteTeamCountry "USA"]
[BlackTeamCountry "USA"]

1. e4 e6 2. d4 d5 3. Nc3 Nf6 4. Bg5 Be7 5. e5 Nfd7 6. Bxe7 Qxe7 7. f4 0-0 8. Nf3 c5 9. Qd2 cxd4 10. Nxd4 Nc6 11. 0-0-0 a6 12. Kb1 Nxd4 13. Qxd4 Qc5 14. h4 b5 15. Rh3 Qxd4 16. Rxd4 Bb7 17. a4 bxa4 18. Nxa4 Bc6 19. Rc3 Rfc8 20. Nc5 Bb5 21. Nxd7 Bxf1 22. Rf3 Ra7 23. Rxf1 Rxd7 24. Ra4 Rc6 25. g4 g6 26. c3 Rb6 27. Kc2 Rdb7 28. Rb1 Kg7 29. Ra5 Kf8 30. b3 Rc6 31. Rf1 Rbc7 32. Rf3 Kg7 33. f5 Kh6 34. fxe6 fxe6 35. Ra1 Rb6 36. Ra5 1/2-1/2

[Event "IECC O-3719"]
[Site "IECC email"]
[Date "2013.06.23"]
[Round "?"]
[White "Nouveau, Laurent"]
[Black "Williams, John Michael"]
[Result "1-0"]
[WhiteElo "2053"]
[BlackElo "2187"]
[PlyCount "57"]
[EventDate "2013.??.??"]
[EventType "swiss (corr)"]
[EventRounds "2"]
[SourceTitle "Telechess CBM 165"]
[Source "ChessBase"]
[SourceDate "2015.03.11"]
[SourceVersion "1"]
[SourceVersionDate "2015.03.11"]
[SourceQuality "1"]
[WhiteTeam "France"]
[BlackTeam "US of America"]
[WhiteTeamCountry "FRA"]
[BlackTeamCountry "USA"]

1. d4 Nf6 2. c4 c5 3. d5 b5 4. cxb5 a6 5. bxa6 g6 6. Nc3 Bxa6 7. e4 Bxf1 8. Kxf1 d6 9. Nf3 Bg7 10. g3 0-0 11. Kg2 Nbd7 12. a4 Qa5 13. Bd2 Rfb8 14. Nb5 Qd8 15. Qc2 Ne8 16. Bc3 Nc7 17. Nxc7 Qxc7 18. Bxg7 Kxg7 19. Nd4 Qb7 20. Nb5 h5 21. Rhb1 h4 22. g4 Ne5 23. h3 g5 24. b4 Qb6 25. Qd2 f6 26. bxc5 dxc5 27. Qc3 Rc8 28. Qe3 c4 29. Qxb6 1-0

[Event "IECC M1-2013.T051"]
[Site "IECC email"]
[Date "2013.06.05"]
[Round "?"]
[White "Basson, Heinrich"]
[Black "Williams, John Michael"]
[Result "0-1"]
[WhiteElo "1813"]
[BlackElo "2201"]
[PlyCount "52"]
[EventDate "2013.??.??"]
[EventType "match (corr)"]
[EventRounds "2"]
[SourceTitle "Telechess CBM 165"]
[Source "ChessBase"]
[SourceDate "2015.03.11"]
[SourceVersion "1"]
[SourceVersionDate "2015.03.11"]
[SourceQuality "1"]
[WhiteTeam "South Africa"]
[BlackTeam "US of America"]
[WhiteTeamCountry "RSA"]
[BlackTeamCountry "USA"]

1. d4 f5 2. c4 Nf6 3. g3 e6 4. Bg2 Be7 5. e3 0-0 6. Nf3 d6 7. 0-0 Ne4 8. a3 Nd7 9. Qc2 b6 10. Bd2 Bb7 11. Nc3 c5 12. d5 exd5 13. Nxd5 Ndf6 14. Nf4 Qd7 15. Rfd1 g5 16. Nd3 Rad8 17. Be1 g4 18. Nh4 Nh5 19. Rac1 Bxh4 20. gxh4 Qf7 21. Qa4 f4 22. Qxa7 f3 23. Bf1 Qc7 24. Qa4 Qg7 25. Rc2 g3 26. hxg3 Nhxg3 0-1

[Event "IECC CL2-2013.02 email"]
[Site "IECC email"]
[Date "2013.05.21"]
[Round "?"]
[White "Elliott, Thomas"]
[Black "Williams, John Michael"]
[Result "0-1"]
[WhiteElo "2007"]
[BlackElo "2181"]
[PlyCount "96"]
[EventDate "2013.??.??"]
[EventType "tourn (corr)"]
[EventRounds "4"]
[SourceTitle "Telechess CBM 165"]
[Source "ChessBase"]
[SourceDate "2015.03.11"]
[SourceVersion "1"]
[SourceVersionDate "2015.03.11"]
[SourceQuality "1"]
[BlackTeam "US of America"]
[BlackTeamCountry "USA"]

1. Nf3 d5 2. g3 Nc6 3. Bg2 e5 4. d3 Nf6 5. 0-0 Be7 6. e3 0-0 7. b3 e4 8. dxe4 Nxe4 9. Bb2 Bf6 10. Nd4 Nxd4 11. exd4 Bf5 12. Nd2 c5 13. c3 cxd4 14. cxd4 Re8 15. Re1 Qd7 16. Rc1 Ng5 17. Nf3 Nh3+ 18. Bxh3 Rxe1+ 19. Qxe1 Bxh3 20. Ne5 Qf5 21. Qe2 Re8 22. Qb5 Rd8 23. Qd3 Qe6 24. Re1 h6 25. f3 h5 26. Kf2 Qb6 27. a3 Rc8 28. Re2 a5 29. Kg1 Bg5 30. f4 Bf6 31. Re3 Qe6 32. Re2 Bf5 33. Qe3 h4 34. Bc3 Be4 35. Bxa5 Bxe5 36. dxe5 Qg4 37. Kf2 Qh3 38. Kg1 hxg3 39. Qxg3 Qh5 40. Kf1 Qf5 41. Kf2 Rc6 42. Qg5 Qh3 43. Qg3 Qc8 44. Ke1 Rh6 45. Qc3 Qf5 46. Qg3 b6 47. Bb4 Bd3 48. Rd2 Ba6 0-1

[Event "IECC CL2-2013.02 email"]
[Site "IECC email"]
[Date "2013.05.21"]
[Round "?"]
[White "Williams, John Michael"]
[Black "Agulnick, Michael"]
[Result "1/2-1/2"]
[WhiteElo "2170"]
[BlackElo "2020"]
[PlyCount "65"]
[EventDate "2013.??.??"]
[EventType "tourn (corr)"]
[EventRounds "4"]
[SourceTitle "Telechess CBM 165"]
[Source "ChessBase"]
[SourceDate "2015.03.11"]
[SourceVersion "1"]
[SourceVersionDate "2015.03.11"]
[SourceQuality "1"]
[WhiteTeam "US of America"]
[BlackTeam "US of America"]
[WhiteTeamCountry "USA"]
[BlackTeamCountry "USA"]

1. e4 c5 2. Nf3 d6 3. Bb5+ Bd7 4. Bxd7+ Qxd7 5. c4 e5 6. Nc3 Be7 7. a3 f5 8. d3 fxe4 9. dxe4 Nc6 10. b4 Nf6 11. 0-0 0-0 12. Rb1 b6 13. Bg5 Nd4 14. Bxf6 Bxf6 15. Nd5 Qg4 16. Nxd4 Qxd1 17. Rfxd1 cxd4 18. Kf1 Rac8 19. Rbc1 Bg5 20. Rc2 Kf7 21. Ke2 Ke6 22. f3 h5 23. a4 h4 24. Kd3 Bd8 25. f4 Rb8 26. Rf2 g5 27. f5+ Kf7 28. Rdd2 g4 29. Ra2 Kg7 30. Rfb2 Rf7 31. Rb1 Kh6 32. Rab2 Rfb7 33. Rf1 1/2-1/2

[Event "IECC O-3674"]
[Site "IECC email"]
[Date "2013.04.28"]
[Round "?"]
[White "Williams, John Michael"]
[Black "Petrovic, Dusan M"]
[Result "1-0"]
[WhiteElo "2186"]
[BlackElo "2133"]
[PlyCount "141"]
[EventDate "2013.??.??"]
[EventType "swiss (corr)"]
[EventRounds "2"]
[SourceTitle "Telechess CBM 165"]
[Source "ChessBase"]
[SourceDate "2015.03.11"]
[SourceVersion "1"]
[SourceVersionDate "2015.03.11"]
[SourceQuality "1"]
[WhiteTeam "US of America"]
[BlackTeam "SCG"]
[WhiteTeamCountry "USA"]

1. e4 e5 2. Nf3 Nc6 3. Bb5 Nf6 4. d3 d6 5. 0-0 Be7 6. c3 0-0 7. Re1 a6 8. Ba4 b5 9. Bc2 h6 10. Nbd2 Bb7 11. d4 Re8 12. Nf1 Nb8 13. Ng3 Nbd7 14. h3 Bf8 15. a4 c5 16. d5 c4 17. Be3 Qc7 18. Qd2 Kh7 19. Reb1 Nc5 20. Bxc5 dxc5 21. Nf5 g6 22. Ne3 Kg7 23. Qe2 Bd6 24. b3 cxb3 25. Rxb3 c4 26. Rb2 Qd7 27. Qe1 Nh5 28. Qb1 Nf4 29. axb5 axb5 30. Rxa8 Bxa8 31. Kf1 b4 32. Nxc4 bxc3 33. Rb3 Qc7 34. Rxc3 Rb8 35. Bb3 f6 36. Qc1 Rc8 37. h4 Bb4 38. Rc2 Bb7 39. g3 Nd3 40. Qe3 Nc5 41. h5 g5 42. Kg2 Rb8 43. Rc1 Bc8 44. Bd1 Bd7 45. Be2 Qd8 46. Nfxe5 fxe5 47. Nxe5 Qb6 48. Rb1 Qd6 49. Qd4 Bc3 50. Qxc3 Nxe4 51. Qf3 Qxe5 52. Rxb8 Qxb8 53. Qxe4 Qd6 54. f4 gxf4 55. gxf4 Kf7 56. Qe5 Qc5 57. Bd3 Qa5 58. Bf5 Qd2+ 59. Kg3 Bxf5 60. Qxf5+ Ke8 61. Qe6+ Kd8 62. Qxh6 Qe1+ 63. Kg4 Qd1+ 64. Kg5 Qxd5+ 65. f5 Qg2+ 66. Kf6 Qf3 67. Qg6 Qc3+ 68. Kf7 Qc7+ 69. Kg8 Qc4+ 70. Kh8 Qc5 71. f6 1-0

[Event "IECC O-3631"]
[Site "IECC email"]
[Date "2013.04.17"]
[Round "?"]
[White "Petrovic, Dusan M"]
[Black "Williams, John Michael"]
[Result "1/2-1/2"]
[WhiteElo "2134"]
[BlackElo "2131"]
[PlyCount "68"]
[EventDate "2013.??.??"]
[EventType "swiss (corr)"]
[EventRounds "2"]
[SourceTitle "Telechess CBM 165"]
[Source "ChessBase"]
[SourceDate "2015.03.11"]
[SourceVersion "1"]
[SourceVersionDate "2015.03.11"]
[SourceQuality "1"]
[WhiteTeam "SCG"]
[BlackTeam "US of America"]
[BlackTeamCountry "USA"]

1. e4 c5 2. Nf3 d6 3. d4 cxd4 4. Nxd4 Nf6 5. Nc3 a6 6. Be3 e5 7. Nf3 Be7 8. Bc4 0-0 9. 0-0 Qc7 10. Bb3 Be6 11. Qd3 Rc8 12. Rfd1 Nbd7 13. a4 Nc5 14. Bxc5 Qxc5 15. a5 Bc4 16. Bxc4 Qxc4 17. Ra4 Qxd3 18. cxd3 Rc5 19. d4 exd4 20. Nxd4 g6 21. g3 Rac8 22. Nb3 Rc4 23. Rd4 Rxa4 24. Rxa4 Kf8 25. Kg2 Ng4 26. Rb4 Rb8 27. Nd5 Bd8 28. f4 Rc8 29. Nd4 Bxa5 30. Rxb7 Rc4 31. Nf3 Rc2+ 32. Kg1 Rc1+ 33. Kg2 Rc2+ 34. Kg1 Rc1+ 1/2-1/2

[Event "IECC O-3624"]
[Site "IECC email"]
[Date "2013.04.08"]
[Round "?"]
[White "Williams, John Michael"]
[Black "Romanelli, Gabriel Adrian"]
[Result "1/2-1/2"]
[WhiteElo "2135"]
[BlackElo "2134"]
[PlyCount "72"]
[EventDate "2013.??.??"]
[EventType "swiss (corr)"]
[EventRounds "2"]
[SourceTitle "Telechess CBM 165"]
[Source "ChessBase"]
[SourceDate "2015.03.11"]
[SourceVersion "1"]
[SourceVersionDate "2015.03.11"]
[SourceQuality "1"]
[WhiteTeam "US of America"]
[BlackTeam "Argentina"]
[WhiteTeamCountry "USA"]
[BlackTeamCountry "ARG"]

1. e4 e5 2. Nf3 Nc6 3. Bb5 a6 4. Ba4 Nf6 5. d3 b5 6. Bb3 Be7 7. 0-0 d6 8. a3 0-0 9. Nbd2 Na5 10. Ba2 c5 11. Re1 Nc6 12. Nf1 Rb8 13. c3 Be6 14. Ne3 Bxa2 15. Rxa2 d5 16. Qe2 h6 17. Nf5 dxe4 18. dxe4 Qd7 19. Bxh6 gxh6 20. Nxh6+ Kh7 21. Rd1 Qa7 22. Nf5 Rg8 23. b4 Rbd8 24. h4 Rxd1+ 25. Qxd1 Rg6 26. Ng5+ Kg8 27. a4 Qb7 28. axb5 axb5 29. bxc5 Bxc5 30. Qb3 Bf8 31. Ra8 Nh7 32. Qa3 b4 33. cxb4 Nxg5 34. hxg5 Rxg5 35. Nh6+ Kg7 36. Nf5+ Kg8 1/2-1/2

[Event "IECC O-3617"]
[Site "IECC email"]
[Date "2013.04.06"]
[Round "?"]
[White "Williams, John Michael"]
[Black "Lewis, Matthew"]
[Result "1/2-1/2"]
[WhiteElo "2162"]
[BlackElo "2119"]
[PlyCount "51"]
[EventDate "2013.??.??"]
[EventType "swiss (corr)"]
[EventRounds "2"]
[SourceTitle "Telechess CBM 165"]
[Source "ChessBase"]
[SourceDate "2015.03.11"]
[SourceVersion "1"]
[SourceVersionDate "2015.03.11"]
[SourceQuality "1"]
[WhiteTeam "US of America"]
[BlackTeam "US of America"]
[WhiteTeamCountry "USA"]
[BlackTeamCountry "USA"]

1. e4 e5 2. Nf3 Nc6 3. Bb5 f5 4. Nc3 fxe4 5. Nxe4 Nf6 6. Qe2 d5 7. Nxf6+ gxf6 8. d4 Bg7 9. dxe5 0-0 10. Bxc6 bxc6 11. e6 Re8 12. 0-0 Rxe6 13. Qd3 a5 14. Re1 Rxe1+ 15. Nxe1 c5 16. Bf4 c4 17. Qg3 c5 18. b3 Ra7 19. h3 Qe8 20. bxc4 dxc4 21. Rd1 Rd7 22. Bh6 Qg6 23. Rxd7 Bxd7 24. Qxg6 hxg6 25. Bxg7 Kxg7 26. Kf1 1/2-1/2

[Event "IECC O-3611"]
[Site "IECC email"]
[Date "2013.03.23"]
[Round "?"]
[White "Williams, John Michael"]
[Black "Romanelli, Gabriel Adrian"]
[Result "1/2-1/2"]
[WhiteElo "2122"]
[BlackElo "2134"]
[PlyCount "57"]
[EventDate "2013.??.??"]
[EventType "swiss (corr)"]
[EventRounds "2"]
[SourceTitle "Telechess CBM 165"]
[Source "ChessBase"]
[SourceDate "2015.03.11"]
[SourceVersion "1"]
[SourceVersionDate "2015.03.11"]
[SourceQuality "1"]
[WhiteTeam "US of America"]
[BlackTeam "Argentina"]
[WhiteTeamCountry "USA"]
[BlackTeamCountry "ARG"]

1. e4 Nf6 2. e5 Nd5 3. d4 d6 4. Nf3 Bg4 5. Be2 e6 6. 0-0 Be7 7. c4 Nb6 8. Nc3 0-0 9. Be3 d5 10. c5 Bxf3 11. gxf3 Nc8 12. f4 Nc6 13. b4 a6 14. Rb1 Bh4 15. Bd3 f5 16. Qh5 Kh8 17. Kh1 g6 18. Qf3 N8e7 19. Rb2 Ng8 20. a4 a5 21. b5 Nb4 22. Be2 Nh6 23. Na2 Nxa2 24. Rxa2 Rg8 25. Qh3 Nf7 26. Raa1 Rg7 27. Rg1 Qe7 28. Rg2 Rag8 29. Rag1 1/2-1/2

[Event "Chicago op 21st"]
[Site "Wheeling"]
[Date "2012.05.27"]
[Round "7"]
[White "Kretchetov, Alexandre"]
[Black "Williams, John Michael"]
[Result "1-0"]
[WhiteElo "2339"]
[BlackElo "2111"]
[PlyCount "101"]
[EventDate "2012.05.24"]
[EventType "swiss"]
[EventRounds "9"]
[EventCountry "USA"]
[SourceTitle "CBM 148 Extra"]
[Source "ChessBase"]
[SourceDate "2012.06.22"]
[SourceVersion "1"]
[SourceVersionDate "2012.06.22"]
[SourceQuality "1"]

1. Nf3 Nf6 2. c4 e6 3. Nc3 d5 4. d4 Be7 5. Bf4 0-0 6. e3 b6 7. Bd3 Bb7 8. 0-0 c5 9. Qe2 Nc6 10. dxc5 bxc5 11. cxd5 exd5 12. Ba6 Qb6 13. Bxb7 Qxb7 14. Rfd1 Rfd8 15. Rac1 Rac8 16. b3 Qb4 17. Bg5 d4 18. Bxf6 Bxf6 19. Ne4 Be7 20. exd4 Nxd4 21. Nxd4 Rxd4 22. Rxd4 Qxd4 23. g3 Rc6 24. Rd1 Qe5 25. Qc4 h6 26. Nc3 Bf6 27. Nd5 Qe6 28. Kg2 Bd4 29. Rxd4 cxd4 30. Ne7+ Qxe7 31. Qxc6 d3 32. Qc8+ Kh7 33. Qf5+ Kg8 34. Qxd3 Qa3 35. Qe2 g6 36. h4 h5 37. Kf3 Qc5 38. Qe8+ Kg7 39. Qe4 Qc3+ 40. Qe3 Qc6+ 41. Kf4 Qf6+ 42. Ke4 Qf5+ 43. Kd4 Qc2 44. a4 a6 45. Kd5 Kg8 46. Kd6 Kg7 47. a5 Qc8 48. Qb6 Kf8 49. Qc5 Qb8+ 50. Kc6+ Kg8 51. b4 1-0

[Event "North American op 20th"]
[Site "Las Vegas"]
[Date "2010.12.27"]
[Round "2"]
[White "Williams, John Michael"]
[Black "Aliyev, Timur"]
[Result "1/2-1/2"]
[WhiteElo "2057"]
[BlackElo "2288"]
[PlyCount "134"]
[EventDate "2010.12.26"]
[EventType "swiss"]
[EventRounds "7"]
[EventCountry "USA"]
[SourceTitle "CBM 140 Extra"]
[Source "ChessBase"]
[SourceDate "2011.03.01"]
[SourceVersion "1"]
[SourceVersionDate "2011.03.01"]
[SourceQuality "1"]

1. e4 c5 2. Nf3 Nc6 3. d4 cxd4 4. Nxd4 g6 5. c4 Nf6 6. Nc3 d6 7. Be2 Nxd4 8. Qxd4 Bg7 9. Be3 0-0 10. Qd2 Be6 11. Rc1 Qa5 12. 0-0 Rfc8 13. b3 a6 14. Bf3 Rab8 15. Nd5 Qxd2 16. Bxd2 Nxd5 17. exd5 Bd7 18. Rfe1 Kf8 19. Bg5 Bf6 20. Bxf6 exf6 21. Be2 a5 22. f3 Rc5 23. a3 Rbc8 24. b4 axb4 25. axb4 R5c7 26. Ra1 h5 27. Bd3 g5 28. Kf2 h4 29. Ke3 b5 30. cxb5 Rc3 31. Kd4 Bf5 32. Re4 Rb3 33. Ra4 h3 34. gxh3 Bxe4 35. fxe4 Ke7 36. b6 Kd8 37. Bb5 Rb8 38. Kc4 Re3 39. Ra6 Rxe4+ 40. Kc3 Re7 41. Bc6 f5 42. Kc4 f4 43. Kb5 f5 44. Ra2 f3 45. Rf2 Re3 46. Ka6 Ra3+ 47. Kb5 g4 48. Rf1 Re3 49. Ka6 Ra3+ 50. Kb5 Ke7 51. b7 Rb3 52. Kc4 Re3 53. hxg4 fxg4 54. Kd4 Rb3 55. b5 Rf8 56. Re1+ Kf6 57. Re8 Rxe8 58. Bxe8 f2 59. b8Q f1Q 60. Qxd6+ Kg7 61. Qe5+ Kg8 62. Kc5 Qf2+ 63. Kd6 Re3 64. Qg5+ Kf8 65. Bh5 Qxh2+ 66. Kd7 Qe5 67. Qh6+ Kg8 1/2-1/2